000 00443nam a2200169 a 4500
001 0000-8856
003 ELIB.Books
008 110520 1951
035 _a(ELIB.Books)0000-9002
082 _a268.433
_bGre
100 _aGregor, Arthur S.
245 _aTime out for Youth
260 _bNew York: Macmillan Publishing Co, Inc.
_c1951
650 _aChristian Education
942 _2ddc
_cBK
998 _cbat
_e2011-05-20
999 _c8856
_d8856